[Event "Czech GM Open A"]
[Site "Pardubice CZE"]
[Date "2011.07.30"]
[Round "9.34"]
[White "Bures,J"]
[Black "Bernadskiy,V"]
[Result "1-0"]
[WhiteElo "2380"]
[BlackElo "2453"]

1.e4 c5 2.Nf3 Nc6 3.Nc3 e6 4.d4 cxd4 5.Nxd4 Qc7 6.Be2 a6 7.Be3 Nf6 8.O-O Be7
9.f4 d6 10.a4 O-O 11.Kh1 Bd7 12.Nb3 b6 13.Bf3 Rab8 14.g4 Bc8 15.g5 Nd7 16.Bg2 Nb4
17.Rf3 Bb7 18.Rh3 g6 19.Qd2 Rfe8 20.Qf2 Bf8 21.Rf1 Bg7 22.Bd4 e5 23.fxe5 Nxe5
24.Qh4 Bc8 25.Qxh7+ Kf8 26.Rhf3 Bg4 27.Bxe5 Rxe5 28.Rxf7+ Qxf7 29.Qxg6 Qxf1+
30.Bxf1 Re6 31.Qh7 d5 32.Qh4 Bf3+ 33.Kg1 Ke7 34.Qh7 Kf7 35.Qf5+ Ke7 36.Qxf3 Rf8
37.Qe2 Re5 38.Bg2 Rf4 39.Nd4 dxe4 40.Qc4 Rc5 41.Qxb4 a5 42.Nc6+ Kd7 43.Qxb6 Rxc6
44.Bh3+ Kd6 45.Nb5+ Kd5 46.c4+  1-0

[Event "Czech GM Open A"]
[Site "Pardubice CZE"]
[Date "2011.07.30"]
[Round "9.1"]
[White "Kononenko,Dmitry1"]
[Black "Stefansson,H"]
[Result "1-0"]
[WhiteElo "2593"]
[BlackElo "2546"]

1.e4 c5 2.Nf3 e6 3.d4 cxd4 4.Nxd4 Nc6 5.Nc3 Qc7 6.Be3 Nf6 7.f4 d6 8.Qf3 a6
9.O-O-O Be7 10.g4 Nxd4 11.Bxd4 e5 12.fxe5 dxe5 13.Qg3 Bd6 14.Be3 Be6 15.Bb5+ Ke7
16.Ba4 b5 17.Bb3 Rac8 18.Bg5 b4 19.Nd5+ Bxd5 20.Rxd5 h6 21.Bxf6+ gxf6 22.Rf1 Qb6
23.Qh4 Qe3+ 24.Kb1 Qg5 25.Qf2 Rhd8 26.h4 Qg6 27.h5 Qg5 28.Qa7+ Rd7 29.Qxa6 Rcc7
30.Ba4 Ra7 31.Qc6 Qxg4 32.Rxd6  1-0

[Event "Czech GM Open A"]
[Site "Pardubice CZE"]
[Date "2011.07.30"]
[Round "9.61"]
[White "Severiukhina,Z"]
[Black "Gonzalez Menendez,I"]
[Result "1-0"]
[WhiteElo "2270"]
[BlackElo "2448"]

1.e4 c5 2.Nf3 e6 3.d4 cxd4 4.Nxd4 Nc6 5.Nc3 Qc7 6.Be3 a6 7.Qd2 Nf6 8.f3 Bb4
9.O-O-O Ne5 10.Nb3 b5 11.Qe1 Rb8 12.Qg3 O-O 13.Be2 Nh5 14.Qg5 Nc4 15.Bxc4 bxc4
16.Nc5 g6 17.Qe7 Ng7 18.a3 Re8 19.Qd6 Qxd6 20.Rxd6 Ba5 21.Nxd7 Bxd7 22.Rxd7 Bxc3
23.bxc3 Rb5 24.Rhd1 Ra5 25.Rb7 h5 26.Rdd7 Rf8 27.h4  1-0

[Event "15th HZ Open"]
[Site "Vlissingen NED"]
[Date "2011.07.30"]
[Round "1"]
[White "Van Eijk,S"]
[Black "De Pooter,R"]
[Result "1-0"]
[WhiteElo "2380"]
[BlackElo "1883"]

1.e4 c5 2.Nc3 Nc6 3.Nge2 e6 4.d4 cxd4 5.Nxd4 d6 6.Bc4 Nf6 7.Bb3 Be7 8.O-O O-O
9.Kh1 e5 10.Nde2 a6 11.f4 Bg4 12.f5 Nd4 13.Qd3 Bxe2 14.Nxe2 Nxb3 15.axb3 d5
16.Nc3 dxe4 17.Qe2 Qc7 18.Bg5 Rfd8 19.Bxf6 Bxf6 20.Nxe4 Qc6 21.c3 Rd5 22.h3 h6
23.Ra4 Rad8 24.Rc4 Qb6 25.b4 Bg5 26.Rc5 Be7 27.Qg4 f6 28.Rxd5 Rxd5 29.Re1 Qd8
30.Ng3 Bf8 31.Qc4 Kh7 32.Kh2 Rd2 33.Qg4 Qd5 34.Ne4 Rd3 35.Qg6+ Kh8 36.Qe8 Qd8
37.Qxd8 Rxd8 38.Kg3 Kg8 39.Kf2 Kf7 40.Ke2 Be7 41.Rf1 Rd7 42.h4 Ke8 43.Rf3 b6
44.Rg3 Kf7 45.h5 Bd8 46.Rd3 Ke7 47.Rg3 Kf7 48.Rg4 Be7 49.Nd2 Rd5 50.Re4 Ke8
51.Nc4 Bd8 52.Ne3 Rb5 53.Kd3 Be7 54.Kc4 Kd7 55.Kb3 a5 56.Ka4 Kc6 57.Rc4+ Rc5
58.Rxc5+ bxc5 59.b5+ Kb7 60.Kxa5 Bd8+ 61.Ka4 Kc7 62.Kb3 Kd6 63.Nc4+ Kd5 64.b6 Kc6  1-0

[Event "15th Godesburg Open"]
[Site "Bad Godesberg GER"]
[Date "2011.07.31"]
[Round "9.1"]
[White "Balcerak,J"]
[Black "Mladenov,Sv"]
[Result "1/2-1/2"]
[WhiteElo "2441"]
[BlackElo "2450"]

1.e4 c5 2.Nf3 e6 3.d4 cxd4 4.Nxd4 Nc6 5.Nc3 d6 6.Be3 Nf6 7.Be2 Be7 8.O-O O-O
9.f4 Qc7 10.Kh1 a6 11.a4 Re8 12.Bg1 Bd7 13.Qd3 Nxd4 14.Bxd4 Bc6 15.Qg3 g6
16.Bd3 Rad8 17.f5 e5  1/2-1/2

[Event "Politiken Cup"]
[Site "Helsingor DEN"]
[Date "2011.07.31"]
[Round "2.8"]
[White "Savchenko,B"]
[Black "Petersen,PB"]
[Result "1-0"]
[WhiteElo "2615"]
[BlackElo "2156"]

1.e4 c5 2.Nf3 e6 3.d4 cxd4 4.Nxd4 Nc6 5.Nc3 a6 6.Be3 Nf6 7.Qd2 Bb4 8.f3 O-O
9.O-O-O Qc7 10.Kb1 b5 11.Nxc6 Qxc6 12.Bd4 Be7 13.e5 Ne8 14.Bd3 Bb7 15.Ne4 f5
16.exf6 Nxf6 17.Qg5 d5 18.Nxf6+ Bxf6 19.Qh5 h6 20.Qg6 Bxd4 21.Qh7+ Kf7 22.Bg6+ Kf6
23.Rxd4 e5 24.Bh5 exd4 25.Re1 Kg5 26.Re5+ Kh4 27.Bg4 Rxf3 28.gxf3 g5 29.Qf7  1-0

[Event "Tabor Open"]
[Site "Tabor CZE"]
[Date "2011.08.01"]
[Round "3.1"]
[White "Havlik,Ja1"]
[Black "Lalic,B"]
[Result "1/2-1/2"]
[WhiteElo "2315"]
[BlackElo "2470"]

1.e4 c5 2.Nf3 e6 3.d4 cxd4 4.Nxd4 Nc6 5.Nc3 a6 6.Be3 Nf6 7.Be2 d6 8.O-O Be7
9.f4 Bd7 10.Bf3 O-O 11.Kh1 Nxd4 12.Bxd4 Bc6  1/2-1/2

[Event "15th HZ Open"]
[Site "Vlissingen NED"]
[Date "2011.08.01"]
[Round "4"]
[White "Becker,Matthias"]
[Black "Grochal,J"]
[Result "0-1"]
[WhiteElo "1909"]
[BlackElo "2147"]

1.e4 c5 2.Nf3 e6 3.d4 cxd4 4.Nxd4 Nc6 5.Nc3 Qc7 6.Be2 a6 7.Be3 Nf6 8.O-O Bb4
9.Nxc6 bxc6 10.Bd3 d5 11.exd5 cxd5 12.Bd4 Be7 13.Qe2 O-O 14.Kh1 g6 15.f4 Bb7
16.Rf3 Nd7 17.Qe3 Bc5 18.Ne2 Rfe8 19.Rh3 Bxd4 20.Nxd4 Qd6 21.Nf3 Re7 22.f5 exf5
23.Qh6 f6 24.Nh4 Nf8 25.Bxf5 Qe5 26.Rf1 gxf5 27.Rg3+ Kh8 28.Kg1 Rf7 29.Nxf5 Bc8
30.Qh5 Be6 31.Nh6 Rg7 32.Qh4 Rxg3 33.hxg3 Nd7 34.g4 Rc8 35.Re1 Qd4+ 36.Kh1 Nf8
37.Qh5 Qf4 38.Nf7+ Kg7 39.g5 Bxf7 40.Qh6+ Kg8 41.Re7 Qxg5  0-1

[Event "16th Creon Open"]
[Site "Creon FRA"]
[Date "2011.08.02"]
[Round "2.13"]
[White "Smati,R"]
[Black "Fantinel,T"]
[Result "0-1"]
[WhiteElo "2049"]
[BlackElo "2266"]

1.e4 c5 2.Nf3 e6 3.d4 cxd4 4.Nxd4 Nc6 5.Nc3 Qc7 6.Be3 a6 7.Qd2 Nf6 8.O-O-O Bb4
9.f3 Ne5 10.Nb3 b5 11.Qe1 Be7 12.f4 Ng6 13.e5 Ng4 14.Ne4 O-O 15.Bd3 Bb7 16.h3 Nxe3
17.Qxe3 f6 18.Nd6 Bd5 19.h4 fxe5 20.fxe5 Nxe5 21.Qxe5 Qxd6 22.Qh5 g6 23.Bxg6 Qf4+
24.Nd2 hxg6 25.Qxg6+ Kh8 26.Rhf1 Rf6 27.Qh5+ Qh6 28.Qe5 Qg7 29.Nf3 Raf8 30.Rg1 Bc5
31.Nd4 d6 32.Qe2 Bc4 33.Qh5+ Rh6 34.Qg5 Qxg5+ 35.hxg5 Rg6 36.Rh1+ Kg8 37.Nf3 Be2
38.Rde1 Bxf3 39.gxf3 Rxf3  0-1

[Event "98th ch-GBR"]
[Site "Sheffield ENG"]
[Date "2011.08.02"]
[Round "8.13"]
[White "Hunt,A"]
[Black "Yurenok,M"]
[Result "1-0"]
[WhiteElo "2436"]
[BlackElo "2090"]

1.e4 c5 2.Nf3 e6 3.d4 cxd4 4.Nxd4 Nc6 5.Nc3 Qc7 6.Be3 a6 7.Bd3 Nf6 8.O-O Ne5
9.h3 b5 10.f4 Nc4 11.Bxc4 Qxc4 12.Qd3 Bb7 13.a4 Qxd3 14.cxd3 b4 15.Nce2 Bc5
16.a5 Rb8 17.Kf2 d6 18.Rfc1 Kd7 19.Nb3 Bxe3+ 20.Kxe3 Rhc8 21.Rxc8 Bxc8 22.Ned4 e5
23.Nf3 exf4+ 24.Kxf4 Bb7 25.Nfd4 Ne8 26.Rc1 Ba8 27.Nd2 d5 28.N2b3 Nc7 29.Nc5+ Kd8
30.e5 g6 31.Na4 Bb7 32.Kg5 Ne6+ 33.Nxe6+ fxe6 34.d4 Bc8 35.Nb6 Bd7 36.Kh6 Be8
37.Kxh7 Rb7+ 38.Kg8 Ke7 39.Nc8+ Kd7 40.Nb6+ Ke7 41.Kg7 g5 42.g4 Bb5 43.Kg6 Bd3+
44.Kxg5 Kf7 45.Rc8 Kg7 46.Re8 Kf7 47.Rd8 Ke7 48.Rc8 Kf7 49.h4 Kg7 50.h5 Be2
51.h6+ Kh7 52.Re8  1-0

[Event "98th ch-GBR"]
[Site "Sheffield ENG"]
[Date "2011.08.02"]
[Round "8.20"]
[White "Jackson,J"]
[Black "Ross,C"]
[Result "1/2-1/2"]
[WhiteElo "2157"]
[BlackElo "2234"]

1.e4 c5 2.Nf3 e6 3.d4 cxd4 4.Nxd4 Nc6 5.Nc3 Qc7 6.Be3 a6 7.Be2 Nf6 8.O-O Bb4
9.Na4 Bd6 10.Nxc6 bxc6 11.Nb6 Rb8 12.Nxc8 Rxc8 13.g3 Rb8 14.b3 Nxe4 15.Bxa6 h5
16.Bd3 Nc3 17.Qe1 Nd5 18.Bd4 h4 19.c4 Nb4 20.Bb1 c5 21.Bxg7 Rg8 22.Bc3 hxg3
23.hxg3 Bxg3 24.Kh1 Bf4 25.Be4 Ke7 26.Rg1 Be5 27.Rg2 Rxg2 28.Kxg2 Rg8+ 29.Kf1 Bxc3
30.Qxc3 Qh2 31.a3 Rg1+ 32.Ke2 Rxa1 33.Qxa1 Na6 34.Qc3 Qh5+ 35.Bf3 Qf5 36.b4 cxb4
37.axb4 Qb1 38.b5 Nc5 39.Ke3 d6 40.Qa3 Qc2 41.b6 Qb1 42.Qa7+ Kf6 43.Bg2 Qd3+
44.Kf4 e5+ 45.Kg4 Qf5+ 46.Kg3 Qf4+ 47.Kh3 Ne6 48.Bd5 Qf5+ 49.Kg3 Qg5+ 50.Kh2 Qh5+
51.Kg1 Qg4+ 52.Kh2 Qh4+ 53.Kg1 Qg4+ 54.Kh2 Qh4+ 55.Kg1 Qg4+ 56.Kh2  1/2-1/2

[Event "50th World Juniors"]
[Site "Chennai IND"]
[Date "2011.08.03"]
[Round "2.3"]
[White "Udeshi,A"]
[Black "Shimanov,A"]
[Result "1-0"]
[WhiteElo "2378"]
[BlackElo "2586"]

1.e4 c5 2.Nf3 e6 3.d4 cxd4 4.Nxd4 Nc6 5.Nc3 Qc7 6.Be3 a6 7.Qd2 Nf6 8.O-O-O Bb4
9.f3 Ne7 10.Nde2 b5 11.Qe1 Bc5 12.Nf4 d6 13.g4 e5 14.Bxc5 Qxc5 15.g5 Nd7
16.Nfd5 Nxd5 17.Nxd5 Bb7 18.Ne3 g6 19.h4 Nb6 20.Bh3 a5 21.h5 b4 22.Kb1 a4
23.Rh2 Ke7 24.c3 b3 25.a3 h6 26.hxg6 fxg6 27.gxh6 Rxh6 28.Qg1 Rah8 29.Qg5+ Ke8
30.Bd7+ Nxd7 31.Rxh6 Rxh6 32.Qxh6 Nf8 33.Ng4 Ba6 34.Qg7 Bd3+ 35.Kc1 Nd7 36.Qxg6+ Kd8
37.Rxd3 Qg1+ 38.Rd1 Qg2 39.Qg5+ Nf6 40.Qd2  1-0

[Event "50th World Juniors"]
[Site "Chennai IND"]
[Date "2011.08.03"]
[Round "2.48"]
[White "Hercules,B"]
[Black "Kozganbayev,E"]
[Result "0-1"]
[WhiteElo "2089"]
[BlackElo "2284"]

1.e4 c5 2.Nf3 e6 3.d4 cxd4 4.Nxd4 Nc6 5.Nc3 Qc7 6.Be2 Nf6 7.Be3 a6 8.O-O Be7
9.a4 O-O 10.Nb3 b6 11.Kh1 d6 12.f4 Rb8 13.Bf3 Na5 14.Nxa5 bxa5 15.Rb1 Rb4
16.Qd3 Bb7 17.b3 Rc8 18.Na2 Bxe4 19.Qxa6 Rbb8 20.Bxe4 Nxe4 21.c3 d5 22.Rfc1 Bc5
23.Qe2 Qa7 24.Bxc5 Qxc5 25.g3 Qc6 26.Kg1 Rb7 27.Qe3 Rcb8 28.b4 Qxa4 29.Ra1 Ra8
30.bxa5 Rxa5 31.Nb4 Qxa1 32.Rxa1 Rxa1+ 33.Kg2 Ra3 34.Qd4 Rxc3 35.Nd3 h5 36.Qa4 Rb8
37.Ne5 Rc7 38.Kh3 f6 39.Nc6 Rbc8 40.Nd4 Re7 41.f5 exf5 42.Nxf5 Ng5+ 43.Kg2 Re2+
44.Kf1 Rce8 45.Nd4 R2e4 46.Kf2 R8e5 47.h4 Nf7 48.Qa7 Nh6 49.Kg2 Kh7 50.Kh3 Ng4
51.Qb6 Re3 52.Qb1+ f5 53.Qb8 f4 54.Qb1+ R5e4 55.Nf5 Re1 56.Qb7 Rh1+ 57.Kg2 f3+
58.Kxf3 Rf1+ 59.Kg2 Rf2+  0-1

[Event "Politiken Cup"]
[Site "Helsingor DEN"]
[Date "2011.08.03"]
[Round "6.81"]
[White "Christensen,Benjamin"]
[Black "Petersen,Nil"]
[Result "1/2-1/2"]
[WhiteElo "1880"]
[BlackElo "2051"]

1.e4 c5 2.Nf3 e6 3.d4 cxd4 4.Nxd4 Nc6 5.Nc3 a6 6.Be2 Qc7 7.O-O Nf6 8.Be3 Bb4
9.Na4 O-O 10.Nxc6 dxc6 11.c4 b5 12.Nc5 Rd8 13.Qc2 Bxc5 14.Bxc5 e5 15.Rad1 Be6
16.b3 Rxd1 17.Rxd1 Rd8 18.Rxd8+ Qxd8 19.Qd3 Qxd3 20.Bxd3 Nd7 21.Ba7 Kf8 22.cxb5 cxb5
23.g3 Ke7 24.Kg2 Kd6 25.f4 f6 26.Kf3 h5 27.Bb1 g5 28.f5  1/2-1/2

[Event "Prima Pack Cup GM2"]
[Site "Olomouc CZE"]
[Date "2011.08.03"]
[Round "1.5"]
[White "Biolek,R1"]
[Black "Stachowiak,K"]
[Result "0-1"]
[WhiteElo "2409"]
[BlackElo "2436"]

1.e4 c5 2.Nf3 e6 3.d4 cxd4 4.Nxd4 Nc6 5.Nc3 Qc7 6.g3 a6 7.Bg2 d6 8.O-O Bd7
9.Kh1 Nf6 10.f4 Nxd4 11.Qxd4 Bc6 12.Be3 Be7 13.Rad1 O-O 14.Qb6 Qb8 15.a4 Nd7
16.Qb4 Re8 17.Nd5 exd5 18.exd5 a5 19.Qa3 Bxa4 20.Qxa4 b5 21.Qb3 Bf6 22.Bg1 a4
23.Qb4 Rc8 24.c3 Rc4 25.Qa3 b4 26.Qa2 Rc7 27.Rb1 Nc5 28.Qc4 bxc3 29.bxc3 Nb3
30.Qe4 Bxc3 31.g4 Qc8 32.Be3 Qxg4 33.Rf3 Qd7 34.Rh3 g6 35.Bb6 Rcc8 36.f5 Qxf5
37.Qxf5 gxf5 38.Rg1 Kf8 39.Rxh7 a3 40.Bf3 Ke7 41.Bf2 Rf8 42.Bh4+ Ke8 43.Bh5 Ra7
44.Rg6 Kd7 45.Rg8 a2 46.Rxf8 a1=Q+ 47.Kg2 Ra2+ 48.Bf2 Rxf2+ 49.Kxf2 Bd4+
50.Kg2 Qg1+ 51.Kh3 Qf1+  0-1

[Event "Ceska Cup IM2"]
[Site "Olomouc CZE"]
[Date "2011.08.03"]
[Round "1.2"]
[White "Groetz,H"]
[Black "Mishuchkov,N"]
[Result "1/2-1/2"]
[WhiteElo "2256"]
[BlackElo "2415"]

1.e4 c5 2.Nf3 e6 3.d4 cxd4 4.Nxd4 Nc6 5.Nc3 Qc7 6.g3 a6 7.Bg2 Nf6 8.O-O Rb8
9.Re1 d6 10.Nxc6 bxc6 11.e5 dxe5 12.Rxe5 Bd6 13.Re1 O-O 14.Ne4 Nxe4 15.Rxe4 Rd8
16.Qe2 e5 17.b3 Bb7 18.Ra4 Bc5 19.Bg5 Rd4 20.Rxd4 Bxd4 21.Re1 f6 22.Bd2 Rd8
23.c3 Bb6 24.Be3 Bxe3 25.Qxe3 g6 26.Bf3 Kg7 27.h4 Rd6 28.Rd1 Rxd1+ 29.Bxd1 c5
30.Bf3 Bxf3  1/2-1/2

[Event "Prima Pack Cup GM2"]
[Site "Olomouc CZE"]
[Date "2011.08.03"]
[Round "1.4"]
[White "Oparin,G"]
[Black "Figura,A"]
[Result "1-0"]
[WhiteElo "2356"]
[BlackElo "2358"]

1.e4 c5 2.Nf3 e6 3.d4 cxd4 4.Nxd4 Nc6 5.Nc3 Qc7 6.Be2 a6 7.O-O Nf6 8.Be3 Be7
9.f4 d6 10.a4 O-O 11.Kh1 Re8 12.Qd2 Bd7 13.Rad1 Nxd4 14.Bxd4 Bc6 15.Qe3 Nd7
16.e5 dxe5 17.fxe5 Rab8 18.b3 b5 19.axb5 axb5 20.Ne4 Bxe4 21.Qxe4 g6 22.Rf3 Bf8
23.Rdf1 Re7 24.Rc3 Qd8 25.Rh3 Bg7 26.Qh4 h6 27.Be3 g5 28.Bxg5 hxg5 29.Qh7+ Kf8
30.Rg3 f5 31.exf6 Nxf6 32.Rxg5 Rf7 33.Rxg7 Rxg7 34.Qh8+ Rg8 35.Rxf6+ Ke7
36.Qh4 Qd2 37.Rf4+  1-0

[Event "98th ch-GBR"]
[Site "Sheffield ENG"]
[Date "2011.08.03"]
[Round "9.39"]
[White "Lenier,J"]
[Black "Atako,C"]
[Result "0-1"]
[WhiteElo "2065"]
[BlackElo "2110"]

1.e4 c5 2.Nf3 Nc6 3.d4 cxd4 4.Nxd4 e6 5.Nc3 Qc7 6.Be3 a6 7.Bd3 Nf6 8.O-O Be7
9.Kh1 d6 10.a4 Nb4 11.f4 O-O 12.h3 e5 13.Nf3 Nh5 14.Kh2 Nxf4 15.Bxf4 exf4
16.Qd2 Qc5 17.Qxf4 d5 18.Kh1 Nxd3 19.cxd3 dxe4 20.dxe4 Be6 21.e5 Qc4 22.Qg3 h6
23.Nd2 Qb4 24.Nde4 Rad8 25.Rf4 Rd4 26.Raf1 Kh8 27.Rh4 Bxh4 28.Qxh4 Qxb2 29.Rf3 Rc8
30.Qe1 Rxe4  0-1

[Event "50th World Juniors"]
[Site "Chennai IND"]
[Date "2011.08.04"]
[Round "3.10"]
[White "Ter Sahakyan,S"]
[Black "Krysa,L"]
[Result "1-0"]
[WhiteElo "2558"]
[BlackElo "2374"]

1.e4 c5 2.Nf3 e6 3.d4 cxd4 4.Nxd4 Nc6 5.Nc3 Qc7 6.Be3 a6 7.a3 Nf6 8.f4 d6
9.Qf3 Be7 10.Bd3 O-O 11.O-O Nxd4 12.Bxd4 e5 13.Be3 exf4 14.Qxf4 Be6 15.Nd5 Bxd5
16.exd5 g6 17.Qd4 Nd7 18.Bh6 Ne5 19.Bxf8 Bxf8 20.Kh1 Bg7 21.c3 f5 22.Be2 Qe7
23.Qf2 Rc8 24.Rae1 Qf7 25.Qb6 Qd7 26.Rf4 Re8 27.Ref1 Qe7 28.Qf2 Nd7 29.Bd1 Bh6
30.Rc4 Ne5 31.Rd4 Nd7 32.Qg3 Kh8 33.Bf3 Bg7 34.Rdd1 Nc5 35.Rfe1 Be5 36.Qf2 b5
37.Re2 Rc8 38.Rc2 Na4 39.g4 fxg4 40.Bxg4 Rf8 41.Qg2 Qf6 42.Re2 Nb6 43.b3 h5
44.Be6 Bxc3 45.Qe4 Be5 46.Rg2 g5 47.Qe3  1-0

[Event "Politiken Cup"]
[Site "Helsingor DEN"]
[Date "2011.08.04"]
[Round "7.2"]
[White "Radulski,J"]
[Black "Savchenko,B"]
[Result "1-0"]
[WhiteElo "2556"]
[BlackElo "2615"]

1.e4 c5 2.Nf3 e6 3.d4 cxd4 4.Nxd4 Nc6 5.Nc3 a6 6.Nxc6 bxc6 7.Bd3 d5 8.O-O Nf6
9.Qe2 Qa5 10.Bd2 Qc7 11.f4 Qb6+ 12.Kh1 Qxb2 13.f5 Qa3 14.e5 Nd7 15.fxe6 fxe6
16.Qh5+ Kd8 17.Rf7 Rb8 18.Ne2 c5 19.Nf4 Rb6 20.Ng6 c4 21.Be2 hxg6 22.Qxh8 Kc7
23.Raf1 Bc5 24.Bg5 Rb7 25.Bg4 Be3 26.Qd8+ Kb8 27.Bxe3 Qxe3 28.Bxe6  1-0

[Event "Prima Pack Cup GM2"]
[Site "Olomouc CZE"]
[Date "2011.08.04"]
[Round "2"]
[White "Kanovsky,D"]
[Black "Plat,V"]
[Result "0-1"]
[WhiteElo "2478"]
[BlackElo "2410"]

1.e4 c5 2.Nf3 e6 3.d4 cxd4 4.Nxd4 Nc6 5.Nc3 a6 6.Nxc6 bxc6 7.Bd3 d5 8.O-O Bd6
9.Re1 Ne7 10.Qh5 Qc7 11.Bg5 h6 12.exd5 cxd5 13.Kh1 O-O 14.Rad1 f5 15.Bxe7 Bxe7
16.Ne2 e5 17.c3 Rb8 18.f4 e4 19.Bc2 Rxb2 20.Bb3 Kh7 21.Bxd5 Bf6 22.Qh3 Qc5
23.Bb3 Qf2 24.Nd4 Qxf4 25.Rf1 Qe5 26.Qe3 Bg5 27.Nf3 Qxh2+ 28.Kxh2 Bxe3 29.Ne5 Rd2
30.Rb1 Bc5 31.Kh1 Re8  0-1

[Event "15th HZ Open"]
[Site "Vlissingen NED"]
[Date "2011.08.04"]
[Round "7"]
[White "Van Eijk,S"]
[Black "Beijerinck,N"]
[Result "1-0"]
[WhiteElo "2380"]
[BlackElo "2052"]

1.e4 c5 2.Nf3 e6 3.Nc3 Nc6 4.d4 cxd4 5.Nxd4 Qc7 6.Be3 a6 7.Be2 Nf6 8.a3 Be7
9.f4 d6 10.O-O O-O 11.Qe1 d5 12.e5 Nd7 13.Qf2 Nxd4 14.Bxd4 Bc5 15.Rad1 Bxd4
16.Rxd4 f6 17.exf6 Rxf6 18.Kh1 Nf8 19.Bf3 Qf7 20.Qe3 Bd7 21.a4 Bc6 22.Ne2 Qd7
23.b3 Ng6 24.Nc1 Raf8 25.Nd3 Qd6 26.g3 Ne7 27.Bg4 Be8 28.Ne5 Nc6 29.Nxc6 Qxc6
30.Re1 Bf7 31.Re2 Re8 32.Bf3 Qc5 33.b4 Qc6 34.a5 Qb5 35.Kg2 Bg6 36.g4 Rff8
37.h4 Bf7 38.h5 Rd8 39.g5 Qe8 40.h6 gxh6 41.gxh6 Rd7 42.Bg4 Qb8 43.Bxe6 Bxe6
44.Qxe6+ Rff7 45.Re5 Rd6 46.Rg5+ Kf8 47.Qe5 Qc7 48.c4 Rxh6 49.Qh8+ Ke7 50.Rdxd5 Re6
51.Rge5 Rxe5 52.Rxe5+ Kd6 53.Qe8 Qc6+ 54.Rd5+ Qxd5+ 55.cxd5  1-0

[Event "Pays de Charleroi Open"]
[Site "Charleroi BEL"]
[Date "2011.08.05"]
[Round "8.2"]
[White "Rooze,J"]
[Black "Le Quang,K"]
[Result "1-0"]
[WhiteElo "2363"]
[BlackElo "2319"]

1.e4 c5 2.Nf3 e6 3.Nc3 Nc6 4.d4 cxd4 5.Nxd4 Qc7 6.Be3 a6 7.Bd3 Nf6 8.O-O Nxd4
9.Bxd4 Bc5 10.Bxc5 Qxc5 11.Kh1 d6 12.f3 e5 13.Qe1 Be6 14.a3 Rc8 15.Qh4 h6
16.Rad1 g5 17.Qe1 Ke7 18.Rd2 h5 19.h4 Rcg8 20.hxg5 Rxg5 21.Qh4 Rhg8 22.Nd1 Nh7
23.b4 Qb6 24.Re1 f6 25.Ne3 Qd4 26.Qf2 Qc3 27.Red1 h4 28.Bf1 Qxa3 29.Rxd6 b5
30.Qd2 Rc8 31.Nf5+ Rxf5 32.exf5 Bxf5 33.c3 Qb3 34.Bd3 Be6 35.Rb1 Qa2 36.Rb2 Qa1+
37.Bb1 Bf5 38.Kh2 Bxb1 39.Rd5 Bf5  1-0

[Event "50th World Juniors"]
[Site "Chennai IND"]
[Date "2011.08.05"]
[Round "4.19"]
[White "Nitin,S"]
[Black "Krejci,Jan2"]
[Result "1/2-1/2"]
[WhiteElo "2365"]
[BlackElo "2503"]

1.e4 c5 2.Nf3 e6 3.d4 cxd4 4.Nxd4 Nc6 5.Nc3 Qc7 6.Be2 a6 7.O-O b5 8.Be3 Bb7
9.Kh1 Nf6 10.a3 Na5 11.f3 Nc4 12.Bxc4 Qxc4 13.Nb3 Qc7 14.Qd4 e5 15.Qd3 h6
16.f4 d6 17.a4 b4 18.Nd5 Nxd5 19.exd5 Rc8 20.Rac1 Be7 21.c4 bxc3 22.Rxc3 Qd7
23.Rxc8+ Bxc8 24.fxe5 O-O 25.Bf4 Rd8 26.Qg3 dxe5 27.Bxe5 f6 28.Bc7 Bd6 29.Bxd6 Qxd6
30.Qxd6 Rxd6 31.Re1 Rd8 32.Rf1 Rd6 33.Rd1 Bb7 34.Nc5 Bxd5 35.Kg1 Kf7 36.a5 Ke7
37.Nxa6 Bc4 38.Rxd6 Kxd6 39.Nb4 Kc5 40.Nc2 Bd3 41.Ne3 Kb5 42.g4 Kxa5 43.Kf2 Kb4
44.Nd5+ Kb3 45.Nf4 Bc2 46.Nh5 Bd1 47.Kg3 f5 48.Nxg7 Bxg4 49.Kf4 Kxb2 50.Nxf5 h5  1/2-1/2

[Event "Politiken Cup"]
[Site "Helsingor DEN"]
[Date "2011.08.05"]
[Round "8.15"]
[White "Aranovitch,E"]
[Black "Tikkanen,H"]
[Result "1/2-1/2"]
[WhiteElo "2328"]
[BlackElo "2596"]

1.e4 c5 2.Nf3 e6 3.d4 cxd4 4.Nxd4 Nc6 5.Nc3 Qc7 6.Be3 a6 7.Qd2 Nf6 8.O-O-O Bb4
9.f3 Ne5 10.Nb3 b5 11.Qe1 Rb8 12.Kb1 O-O 13.Bd4 Nc6 14.Bxf6 gxf6 15.Qh4 Be7
16.f4 Kh8 17.Nd5 exd5 18.exd5 f5 19.Qh6 Nb4 20.c3 Rb6 21.Qh3 Nxa2 22.Kxa2 Qxf4
23.Nd4 Qg4 24.Qd3 d6 25.Be2 Qe4 26.Bf3 Qxd3 27.Rxd3 Bf6 28.Bd1 Be5 29.Rf1 f4
30.g3 fxg3 31.hxg3 Bh3 32.Rf2 Bd7 33.Ne6 Bxe6 34.dxe6 Kg7 35.exf7 Rxf7 36.Rdf3 Rxf3
37.Bxf3 b4 38.cxb4 Rxb4 39.Rd2 Kg6 40.g4 Kg5 41.Rg2 a5 42.Bd1 h6 43.Rf2 Kh4
44.Rc2 Ra4+ 45.Kb3 Ra1 46.Be2 Kg3 47.Kc4 a4 48.b4 a3 49.b5 Rb1 50.Kd5 Bb2
51.Bc4 Kxg4 52.Kxd6 h5 53.Kc6 h4 54.b6 h3 55.b7 Be5 56.Be6+ Kg3 57.Ra2 Rc1+
58.Kd5 Kf4 59.Rf2+ Kg3 60.Kxe5 Rb1 61.Ra2 Rxb7 62.Rxa3+ Kf2 63.Rxh3 Rb4 64.Bd5 Ke2
65.Be4 Kd2 66.Kf4 Rd4 67.Rh2+ Kc3 68.Rc2+ Kb4 69.Rc1 Rd6 70.Ke5 Rb6 71.Kd4 Rd6+
72.Bd5 Rb6 73.Ra1 Kb5 74.Bc4+ Kb4 75.Bd5 Kb5 76.Rc1 Kb4 77.Rc7 Rb8 78.Rc6 Rb5
79.Rc8 Rb6 80.Bc6 Ka5 81.Kc5 Rb5+ 82.Kc4 Rb4+ 83.Kc3 Rh4 84.Rb8 Rh6 85.Bd5 Rb6
86.Rc8 Rh6 87.Kc4 Kb6 88.Rb8+ Kc7 89.Rb7+ Kd8 90.Kc5 Ke8 91.Kd4 Kd8 92.Ke5 Kc8
93.Rg7 Rb6 94.Kd4 Rb5 95.Bc6 Ra5 96.Bd5 Rb5 97.Kc4 Ra5 98.Bc6 Re5 99.Bd5 Kd8
100.Ra7 Re7 101.Ra8+ Kd7 102.Kc5 Kc7 103.Ra6 Kd7 104.Rc6 Re1 105.Rh6 Re7
106.Rh8 Kc7 107.Ra8 Kd7 108.Ra6 Kc7 109.Bf3 Re5+ 110.Bd5 Re7 111.Rd6 Re1
112.Rh6 Re7 113.Be6 Rg7  1/2-1/2

[Event "Ceska Cup IM2"]
[Site "Olomouc CZE"]
[Date "2011.08.05"]
[Round "3"]
[White "Vrana,J"]
[Black "Mishuchkov,N"]
[Result "0-1"]
[WhiteElo "2306"]
[BlackElo "2415"]

1.e4 c5 2.Nf3 e6 3.d4 cxd4 4.Nxd4 Nc6 5.Nc3 Qc7 6.g3 a6 7.Bg2 Nf6 8.O-O d6
9.Re1 Nd7 10.Nxc6 bxc6 11.Na4 Bb7 12.c4 c5 13.b3 Be7 14.Bb2 O-O 15.Qd2 Ne5
16.Rad1 Nc6 17.f4 Rad8 18.Qf2 Ba8 19.Kh1 e5 20.Nc3 Nd4 21.f5 Bf6 22.h4 Rb8
23.Rd3 Qd8 24.Kh2 g5 25.hxg5 Bxg5 26.Ne2 f6 27.Bc1 Bxc1 28.Rxc1 Rf7 29.Nxd4 exd4
30.Qf4 Qe7 31.g4 Rg7 32.Bf3 a5 33.Re1 Re8 34.Rd2 Qe5 35.Qxe5 Rxe5 36.Rg2 h6
37.Kg3 h5 38.Kf4 hxg4 39.Rxg4 Rxg4+ 40.Bxg4 Re7 41.Bf3 Bc6 42.Rb1 Be8 43.Rb2 Rh7
44.Rd2 Ra7 45.Rb2 Rb7 46.Rb1 a4 47.Rg1+ Kf8 48.Rh1 axb3 49.axb3 Rxb3 50.Rh8+ Ke7
51.Rh7+ Kd8 52.Rh8 Rb7 53.Bh5 Re7 54.Rf8 Kd7 55.Bxe8+ Rxe8 56.Rxf6 Rh8 57.e5 dxe5+
58.Kxe5 Rd8 59.Ke4 Kc7 60.Kd3 Re8 61.Ra6 Re3+ 62.Kd2 Kb7 63.Rg6 Rf3 64.Rg5 Kc6
65.Ke2 Re3+ 66.Kd2 Re5 67.Rg6+ Kd7 68.f6 Ke6 69.Rh6 Rf5 70.f7+ Kxf7 71.Kd3 Re5
72.Rh3 Ke6 73.Rf3 Kd6 74.Kd2 Rh5 75.Kd3 Re5 76.Rh3 Kc6 77.Kd2 Rg5 78.Rh6+ Kb7
79.Rh3 Rg2+ 80.Kc1 Ra2 81.Rh5 Kb6 82.Rh6+ Ka5 83.Rh8 Kb4  0-1

[Event "15th HZ Open"]
[Site "Vlissingen NED"]
[Date "2011.08.05"]
[Round "8"]
[White "Vishnu,P"]
[Black "Ikonnikov,Vy"]
[Result "1/2-1/2"]
[WhiteElo "2340"]
[BlackElo "2553"]

1.e4 c5 2.Nc3 Nc6 3.Nf3 e6 4.d4 cxd4 5.Nxd4 Nf6 6.Be2 Bb4 7.O-O Bxc3 8.bxc3 Nxe4
9.Qd3 d5 10.Ba3 Qa5 11.Nb5 Bd7 12.Rab1 a6 13.Nd6+ Nxd6 14.Bxd6 b5 15.Qg3 g6
16.a4 Qxa4 17.Ra1 Qxc2 18.Bxb5 Qf5 19.Ra4 e5 20.Re1 f6 21.Bxc6 Bxc6 22.Rf4 Qe6
23.Qf3 Qxd6 24.Rxf6 d4 25.Qf4 O-O-O 26.Rxd6 exf4 27.Rxc6+ Kb7 28.Ree6 Rd7
29.Rb6+ Kc8 30.cxd4 Rxd4 31.h4 Kd7 32.Rxa6 Rc8 33.Rf6 Rc1+ 34.Kh2 Ke7 35.Rae6+ Kd7
36.Ra6 Ke7 37.Rae6+ Kd7 38.Ra6  1/2-1/2

[Event "20th ZDMI Open A"]
[Site "Dresden GER"]
[Date "2011.08.06"]
[Round "1"]
[White "Pfeffer,R"]
[Black "Jaracz,P"]
[Result "1/2-1/2"]
[WhiteElo "2255"]
[BlackElo "2575"]

1.e4 c5 2.Nf3 e6 3.d4 cxd4 4.Nxd4 Nc6 5.Nc3 Qc7 6.Be3 a6 7.Qd2 Nf6 8.O-O-O Nxd4
9.Qxd4 Ng4 10.Qb6 Qc6 11.Bd4 e5 12.Be3 Be7 13.Be2 Nxe3 14.Qxe3 d6 15.Nd5 Be6
16.Rd3 Bxd5 17.Rxd5 Rc8 18.Qb3 O-O 19.Rhd1 b5 20.Kb1 Rc7 21.R1d2 Rb8 22.f3 Qb6
23.g3 g6 24.a3 Rc5 25.Qe3 Qc7 26.h4 Rc8 27.Bd1 Qb8 28.Be2 Qb7 29.Rxc5 Rxc5
30.Rd3 h5 31.Bd1 a5 32.Rc3 Rxc3 33.Qxc3 Qb6 34.Qe1 b4 35.axb4 axb4 36.g4 hxg4
37.fxg4 Qd4 38.h5 gxh5 39.gxh5 Bg5 40.Bg4 b3 41.cxb3 d5 42.Bf5 Qd3+ 43.Ka2 Qa6+
44.Kb1 Qd3+ 45.Ka2 Qa6+ 46.Kb1  1/2-1/2

[Event "20th ZDMI Open A"]
[Site "Dresden GER"]
[Date "2011.08.06"]
[Round "1"]
[White "Vorobiov,E"]
[Black "Gross,W"]
[Result "1-0"]
[WhiteElo "2574"]
[BlackElo "2253"]

1.e4 c5 2.Nf3 e6 3.Nc3 Nc6 4.d4 cxd4 5.Nxd4 Qc7 6.f4 a6 7.Nxc6 Qxc6 8.Bd3 Bc5
9.Qe2 d6 10.Be3 Bd7 11.O-O-O O-O-O 12.e5 d5 13.Qf2 Bxe3+ 14.Qxe3 Ne7 15.Ne2 Qa4
16.Kb1 Nc6 17.c3 Kb8 18.Rd2 Qa5 19.Rhd1 Ne7 20.Nd4 g6 21.Qf2 Qc5 22.Qh4 Nc8
23.Be2 Qe7 24.Qf2 f6 25.Qe3 Rhf8 26.g3 fxe5 27.Qxe5+ Qd6 28.Qe3 Ne7 29.Bg4 Nf5
30.Bxf5 exf5 31.Nf3 Qe6 32.Qxe6 Bxe6 33.Re1 Bg8 34.Re7 Rf7 35.Rde2 Rxe7 36.Rxe7 Kc8
37.Rg7 Re8 38.Nd4 Kb8 39.Kc2 Ka7 40.Nc6+ Kb6 41.Ne5 Be6 42.Kd3 d4 43.c4 Bc8
44.b4 a5 45.a3 axb4 46.axb4 Ka6 47.Rxh7 b5 48.c5 Bb7 49.c6 Bc8 50.Rg7 Be6
51.Rxg6 Kb6 52.h4 Ba2 53.Rg7  1-0